000 00598nam a2200241Ia 4500
003 OSt
005 20220918174738.0
006 a|||||r|||| 00| 0
007 ta
008 220917b |||||||| |||| 00| 0 eng d
024 _a13,885
037 _cTextual
040 _aARTS
_cARTS
_beng
041 _2eng
_aeng
082 _aN.73.N, M7
100 _aCarrier David
_951602
245 0 _aArt writing
260 _aAmberst
_bUniv of Massachusetts
_c1987
300 _a161p.
_ccm.
650 _aARTS
942 _hN.73.N, M7
_cTEXL
_2CC
999 _c154489
_d154489